Paroles "Belle (reprise)" - La belle et la bête (Disney) - Statistiques

Statistiques générales
  • Ce quiz a été pris 28 fois
  • Le résultat moyen est 40 sur 79
Statistiques - réponses
Chanteur Paroles % Correct
Belle Il
80%
le
80%
de
75%
de
75%
de
75%
est
75%
que
75%
que
75%
Je
70%
Je
70%
Je
70%
Je
70%
je
70%
à
65%
ce
60%
ce
60%
ce
60%
idée !
60%
quelle
60%
veux
60%
veux
60%
veux
60%
Ça
55%
dans
55%
des
55%
des
55%
Gaston,
55%
Gaston,
55%
Madame
55%
Madame
55%
mais
55%
me
55%
me
55%
Moi,
55%
non
55%
non !
55%
par
55%
sa
55%
suis
55%
Un
55%
vie
55%
vivre
55%
aucun
50%
et
50%
Jamais !
50%
prix !
50%
sans
50%
autre
45%
bleu
45%
cette
45%
chose
45%
désolée !
45%
l'espace
45%
m'envoler
45%
n'ai
45%
pas
45%
tout
45%
ami
40%
centaines
40%
comprenne
40%
gens
40%
l'épouse
40%
livres
40%
qui
40%
qui
40%
rustre,
40%
devenir
35%
jacassent...
35%
primaire !
35%
compte,
30%
demander
30%
d'être
30%
femme ?
30%
parti ?
30%
m'occuper
25%
oser
25%
rendez
25%
Vous
25%
vous
25%
Aucun quiz correspondant
Distribution des résultats
% des personnes avec chaque résultat
Percentile par nombre de réponses
Votre historique - résultats
Vous n’avez pas pris ce quiz